Wird geladen...
The golden treasury of Indo-Anglian poetry
| Format: | Printed Book |
|---|---|
| Sprache: | English |
| Veröffentlicht: |
New Delhi :
Sahitya Akademi ,
1970.
|
| LEADER | 00436nam a22001217a 4500 | ||
|---|---|---|---|
| 008 | 151113b xxu||||| |||| 00| 0 eng d | ||
| 082 | |a 821 GOK/G | ||
| 245 | |a The golden treasury of Indo-Anglian poetry | ||
| 260 | |a New Delhi : |b Sahitya Akademi , |c 1970. | ||
| 300 | |a 323p. | ||
| 942 | |c BK | ||
| 999 | |c 191862 |d 191862 | ||
| 952 | |0 0 |1 0 |4 0 |6 821_000000000000000_GOK_G |7 0 |9 211694 |a ENG |b ENG |c ST1 |d 2015-11-13 |i 5036 |l 0 |o 821 GOK/G |p ENG5036 |r 2015-11-13 |w 2015-11-13 |y BK | ||